000 01252cam a2200337 a 4500
005 20260322212056.0
008 data
010 _a 2004295114
020 _a0195161912 (acidfree paper)
020 _a978-0195161915 (acid-free paper)
040 _aCPE
_cCPE
_dDLC
_dDLC
042 _alccopycat
043 _an-us---
050 0 0 _aPE2827
_b.G37 2003
082 0 0 _a423/.1
_222
092 _a423 G37 2003
100 1 _aGarner, Bryan A.
245 1 0 _aGarner's modern American usage /
_cBryan A. Garner & Bryan A. Garner.
246 3 0 _aModern American usage
250 _a[2nd ed.]
260 _aNew York :
_aNew York :
_bOxford University Press,
_c2003.
300 _axlv, 879 p. ;
_c25 cm.
500 _aRev. ed. of: A dictionary of modern American usage. 1998.
504 _aIncludes bibliographical references (p. 877-879).
650 0 _aEnglish language
_zUnited States
_xUsage
_vDictionaries.
650 0 _aAmericanisms
_vDictionaries.
700 1 _aGarner, Bryan A.
_tDictionary of modern American usage.
856 4 2 _3Publisher description
_uhttp://www.loc.gov/catdir/enhancements/fy0620/2004295114-d.html
856 4 2 _3Contributor biographical information
_uhttp://www.loc.gov/catdir/enhancements/fy0722/2004295114-b.html
001 data
999 _c1335
_d1335